000 00941nam a2200205Ia 4500
003 GCL
005 20240530103319.0
008 140319s9999 xx 000 0 ara d
040 _aGCL /
_cGCL
082 0 4 _a347.05
_bم و
100 1 _aمعوض عبدالتواب
245 1 0 _aالوسيط فى قضاء الامور المستعجلة :
_bيشتمل على شرح لاختصاص القضاء المستعجل - شرح للمنازعات المستعجلة مع بيان احكام القضاء بشانها فى خمسين عاما - الاوامر على العرائض وصيغ الدعاوى /
_cمعوض عبدالتواب
260 _a[ الاسكندرية ] :
_bمنشاة المعارف ،
_c1987
300 _a879 ص؛
_b24 سم
650 0 4 _aالقانون
650 0 4 _aالقانون المدنى
650 0 4 _aقوانين وتشريعات
650 0 4 _aقانون الاجراءات المدنية
942 _2ddc
_cBK
999 _c38436
_d38436